<?xml version="1.0" encoding="UTF-8"?><?xml-stylesheet type="text/xsl" href="static/style.xsl"?><OAI-PMH xmlns="http://www.openarchives.org/OAI/2.0/" xmlns:xsi="http://www.w3.org/2001/XMLSchema-instance" xsi:schemaLocation="http://www.openarchives.org/OAI/2.0/ http://www.openarchives.org/OAI/2.0/OAI-PMH.xsd"><responseDate>2026-04-14T02:33:41Z</responseDate><request verb="GetRecord" identifier="oai:www.recercat.cat:10459.1/48737" metadataPrefix="marc">https://recercat.cat/oai/request</request><GetRecord><record><header><identifier>oai:recercat.cat:10459.1/48737</identifier><datestamp>2024-12-05T21:42:31Z</datestamp><setSpec>com_2072_3622</setSpec><setSpec>col_2072_479130</setSpec></header><metadata><record xmlns="http://www.loc.gov/MARC21/slim" xmlns:dcterms="http://purl.org/dc/terms/" xmlns:xsi="http://www.w3.org/2001/XMLSchema-instance" xmlns:doc="http://www.lyncode.com/xoai" xsi:schemaLocation="http://www.loc.gov/MARC21/slim http://www.loc.gov/standards/marcxml/schema/MARC21slim.xsd">
   <leader>00925njm 22002777a 4500</leader>
   <datafield ind2=" " ind1=" " tag="042">
      <subfield code="a">dc</subfield>
   </datafield>
   <datafield ind2=" " ind1=" " tag="720">
      <subfield code="a">Alonso Logroño, María Pilar</subfield>
      <subfield code="e">author</subfield>
   </datafield>
   <datafield ind2=" " ind1=" " tag="260">
      <subfield code="c">2015-09-22T16:07:00Z</subfield>
   </datafield>
   <datafield ind2=" " ind1=" " tag="260">
      <subfield code="c">2015-09-22T16:07:00Z</subfield>
   </datafield>
   <datafield ind2=" " ind1=" " tag="260">
      <subfield code="c">2009</subfield>
   </datafield>
   <datafield ind2=" " ind1=" " tag="520">
      <subfield code="a">La llegada del tren de alta velocidad genera un buen número de expectativas de dinamización socioeconómica allá donde se implanta. Sin embargo, la experiencia muestra que la capacidad de dinamización del tren depende de un buen número factores, entre los que se encuentran: las características y dinámicas del propio contexto y las estrategias que a escala local se desarrollen. Uno de los primeros efectos que conlleva la nueva infraestructura es la transformación espacial que genera su implantación. En algunos casos, la llegada del TAV supone un replanteamiento del sistema ferroviario en la ciudad que produce, en mayor o menor medida, una notable transformación urbana.&#xd;
En este trabajo se presenta la experiencia de la ciudad de Zaragoza. La llegada de la infraestructura genera en la ciudad una buena oportunidad para desarrollar una profunda transformación urbanística, a la vez que un poderoso instrumento para desarrollar parte de las estrategias socioeconómicas apuntadas en diferentes proyectos.</subfield>
   </datafield>
   <datafield ind1="8" ind2=" " tag="024">
      <subfield code="a">http://hdl.handle.net/10459.1/48737</subfield>
   </datafield>
   <datafield tag="653" ind2=" " ind1=" ">
      <subfield code="a">Trens d'alta velocitat</subfield>
   </datafield>
   <datafield tag="653" ind2=" " ind1=" ">
      <subfield code="a">Desenvolupament</subfield>
   </datafield>
   <datafield tag="653" ind2=" " ind1=" ">
      <subfield code="a">Urbanisme</subfield>
   </datafield>
   <datafield ind2="0" ind1="0" tag="245">
      <subfield code="a">El tren de alta velocidad y el proyecto urbano. Un nuevo ferrocarril para la Zaragoza del tercer milenio</subfield>
   </datafield>
</record></metadata></record></GetRecord></OAI-PMH>